000 00427nam a2200145Ia 4500
003 OSt
005 20260130145922.0
008 211028s2018 xx 000 0 und d
040 _cAIMIT LIBRARY
041 _aeng
100 _aTauro, Stacy; Harinakshi.
_g1616201
_97953
245 _aStudy on the effectiveness of employee engagement at KMC hospital Attavar /
260 _aMangalore
_bRayan D Souza.
_c2018
942 _2ddc
_cPRO
999 _c219521
_d219521